[Event "Junior Online 4NCL Division 5"]
[Site "online"]
[Date "2021.02.18"]
[EventDate "2021.02.18"]
[Round "3.171"]
[White "Patel, Ananya"]
[WhiteElo "1501"]
[WhiteTeam "Chess Challengers C"]
[Black "Simmons, Keaton"]
[BlackElo "925"]
[BlackTeam "Edgware Gambits K"]
[Result "0-1"]
[PlyCount "128"]

1. d4 d5 2. Bf4 Nc6 3. e3 e6 4. c3 Bd6 5. Bg3 Bxg3 6. hxg3 e5 7. Nd2 exd4 8. cxd4 Nf6 9. Bd3 Bg4 10. f3 Be6 11. Ne2 Qd6 12. Qb3 O-O-O 13. O-O-O h6 14. Kb1 a6 15. Rc1 g5 16. e4 dxe4 17. fxe4 Bxb3 18. Nxb3 b5 19. Rc2 Nb4 20. Rd2 Nxd3 21. Rxd3 Nxe4 22. Rf1 Rdf8 23. Rdf3 a5 24. Re3 a4 25. Rxe4 axb3 26. axb3 Re8 27. Rxe8+ Rxe8 28. Nc3 Qxd4 29. Rxf7 Re1+ 30. Ka2 b4 31. Nb5 Qb6 32. Rxc7+ Kb8 33. Rc2 Qa5+ 34. Na3 bxa3 35. bxa3 Qf5 36. Rb2 Qd3 37. g4 Qd4 38. a4 Re7 39. Rc2 Ra7 40. Rc4 Qb6 41. Re4 Qa5 42. Re8+ Kb7 43. Re7+ Kb6 44. Re6+ Kb7 45. Re7+ Kb8 46. Re8+ Kc7 47. Re7+ Kd6 48. Re3 Qc5 49. Rd3+ Ke5 50. Rd2 Qe7 51. Re2+ Kd6 52. Rxe7 Rxe7 53. Ka3 Re4 54. a5 Rxg4 55. b4 Rxg2 56. Ka4 h5 57. a6 h4 58. b5 Rf2 59. a7 Rf8 60. b6 g4 61. Ka5 Kc6 62. Ka6 g3 63. b7 Rf4 64. b8=Q Ra4# 0-1

[Event "Junior Online 4NCL Division 5"]
[Site "online"]
[Date "2021.02.18"]
[EventDate "2021.02.18"]
[Round "3.172"]
[White "Subramonian, Ananya"]
[WhiteElo "796"]
[WhiteTeam "Edgware Gambits K"]
[Black "Sethi, Siddharth"]
[BlackElo "1416"]
[BlackTeam "Chess Challengers C"]
[Result "0-1"]
[PlyCount "84"]

1. e4 e5 2. Nf3 Nf6 3. Nxe5 Nc6 4. Nf3 Bc5 5. h3 Nxe4 6. d4 Nxd4 7. Nxd4 Qf6 8. Be3 O-O 9. Bc4 Bb6 10. O-O c5 11. Nb5 d6 12. N1c3 Nxc3 13. Nxc3 Qg6 14. Qf3 Be6 15. Bd3 Qf6 16. Qxb7 Rfb8 17. Qe4 g6 18. b4 Bf5 19. Qd5 Qxc3 20. Bc4 Be6 21. Qg5 Bxc4 22. Rae1 Bxf1 23. Rxf1 cxb4 24. Bxb6 axb6 25. Qe7 Rxa2 26. Qxd6 Raa8 27. Qd5 Rd8 28. Qb7 Qxc2 29. Qxb6 b3 30. Qb7 Rab8 31. Qa6 b2 32. Qa2 Rd1 33. Rxd1 Qxd1+ 34. Kh2 b1=Q 35. Qc4 Qd6+ 36. g3 Qb2 37. h4 Qxf2+ 38. Kh3 Qe6+ 39. Qg4 Qxg4+ 40. Kxg4 h5+ 41. Kg5 Kg7 42. g4 Qf6# 0-1

[Event "Junior Online 4NCL Division 5"]
[Site "online"]
[Date "2021.02.18"]
[EventDate "2021.02.18"]
[Round "3.173"]
[White "Sridharan, Rithvik"]
[WhiteElo "1475"]
[WhiteTeam "Chess Challengers C"]
[Black "Tchernitser, David"]
[BlackElo "843"]
[BlackTeam "Edgware Gambits K"]
[Result "1-0"]
[PlyCount "47"]

1. e4 e5 2. Nf3 Nc6 3. Bc4 Bb4 4. Nc3 Nf6 5. O-O O-O 6. Ng5 Nd4 7. Nd5 h6 8. Nxb4 Re8 9. Bxf7+ Kf8 10. Bxe8 Kxe8 11. Nf3 Qe7 12. Nd5 Qc5 13. Ne3 d5 14. exd5 Nxd5 15. Nxe5 Nxe3 16. Nd3 Nxd1 17. Nxc5 c6 18. Rxd1 Nxc2 19. Rb1 Nb4 20. Re1+ Kf7 21. d4 Kf6 22. Ne4+ Kf5 23. Ng3+ Kg4 24. Re4# 1-0

[Event "Junior Online 4NCL Division 5"]
[Site "online"]
[Date "2021.02.18"]
[EventDate "2021.02.18"]
[Round "3.174"]
[White "Trim, Xanthe"]
[WhiteElo "775"]
[WhiteTeam "Edgware Gambits K"]
[Black "Patel, Aashna"]
[BlackElo "1460"]
[BlackTeam "Chess Challengers C"]
[Result "0-1"]
[PlyCount "38"]

1. d4 d5 2. Nc3 Nf6 3. Nf3 Bf5 4. e3 Nc6 5. Bb5 e6 6. O-O Bd6 7. e4 Nxe4 8. Nxe4 Bxe4 9. Ng5 Bf5 10. Qh5 g6 11. Qh6 Qe7 12. Qg7 O-O-O 13. Nxf7 Bxh2+ 14. Kh1 Qh4 15. g3 Bxg3+ 16. Kg2 Bh3+ 17. Kf3 Qf4+ 18. Ke2 Bxf1+ 19. Kxf1 Qxf2# 0-1

[Event "Junior Online 4NCL Division 5"]
[Site "online"]
[Date "2021.02.18"]
[EventDate "2021.02.18"]
[Round "3.175"]
[White "Simmons, Keaton"]
[WhiteElo "925"]
[WhiteTeam "Edgware Gambits K"]
[Black "Patel, Ananya"]
[BlackElo "1501"]
[BlackTeam "Chess Challengers C"]
[Result "1-0"]
[PlyCount "45"]

1. e4 e5 2. Nf3 Nf6 3. Nxe5 Nc6 4. Nxc6 dxc6 5. Nc3 Bc5 6. Bc4 O-O 7. d4 Bxd4 8. Qf3 Bg4 9. Qg3 Qd7 10. Bg5 Nxe4 11. Nxe4 Rfe8 12. f3 Bf5 13. Bh6 g6 14. c3 Bxe4 15. cxd4 Bxf3+ 16. Kf2 Bxg2 17. d5 Bxh1 18. Qc3 Qf5+ 19. Kg3 f6 20. dxc6+ Kh8 21. cxb7 Rab8 22. Rf1 Qh5 23. Qxf6# 1-0

[Event "Junior Online 4NCL Division 5"]
[Site "online"]
[Date "2021.02.18"]
[EventDate "2021.02.18"]
[Round "3.176"]
[White "Sethi, Siddharth"]
[WhiteElo "1416"]
[WhiteTeam "Chess Challengers C"]
[Black "Subramonian, Ananya"]
[BlackElo "796"]
[BlackTeam "Edgware Gambits K"]
[Result "1-0"]
[PlyCount "87"]

1. e4 e5 2. Nc3 Nf6 3. f4 exf4 4. e5 Nh5 5. Qxh5 Bc5 6. Bc4 O-O 7. Bd3 g6 8. Qh6 d6 9. exd6 Qxd6 10. b3 Qc6 11. Bb2 Qxg2 12. Nb5 Qf2+ 13. Kd1 f6 14. Nxc7 Bg4+ 15. Be2 Bxe2+ 16. Nxe2 Qf3 17. Re1 Nc6 18. Nxa8 Qd5 19. Nc7 Qd7 20. Nb5 Be3 21. Bc3 Ne5 22. Nxf4 Ng4 23. Qh4 Nf2+ 24. Kc1 Bc5 25. d4 Bd6 26. Nxd6 Qxd6 27. Qxf2 Qa3+ 28. Kd1 b5 29. Ne6 Rf7 30. d5 b4 31. Bxf6 Rd7 32. Nf8 Rxd5+ 33. Bd4 a5 34. Re5 Rd8 35. Re8 Rxe8 36. Qf6 Re7 37. Qxe7 Qc1+ 38. Rxc1 a4 39. bxa4 h6 40. Nxg6 h5 41. c3 bxc3 42. Bxc3 h4 43. Bb2 h3 44. Qg7# 1-0

[Event "Junior Online 4NCL Division 5"]
[Site "online"]
[Date "2021.02.18"]
[EventDate "2021.02.18"]
[Round "3.177"]
[White "Tchernitser, David"]
[WhiteElo "843"]
[WhiteTeam "Edgware Gambits K"]
[Black "Sridharan, Rithvik"]
[BlackElo "1475"]
[BlackTeam "Chess Challengers C"]
[Result "0-1"]
[PlyCount "68"]

1. e4 e5 2. Nf3 Nc6 3. Bc4 Nf6 4. Bxf7+ Kxf7 5. Nxe5+ Nxe5 6. O-O d6 7. Qf3 Nxf3+ 8. gxf3 Qd7 9. e5 dxe5 10. Re1 Qh3 11. Rxe5 Nd7 12. Re7+ Bxe7 13. f4 Bd6 14. f5 Qxh2+ 15. Kf1 Bc5 16. Ke2 Qxf2+ 17. Kd3 Ne5+ 18. Ke4 Re8 19. Kd5 Nd3 20. Kc4 Nxc1 21. Kd5 Qxf5+ 22. Kc4 Qxc2+ 23. Kd5 Qxb2 24. Kxc5 Qxa1 25. Kd5 Qxb1 26. Kd4 Qb2+ 27. Kc5 Qxa2 28. Kd4 Qxd2+ 29. Kc4 h5 30. Kc5 h4 31. Kc4 h3 32. Kc5 h2 33. Kb5 h1=Q 34. Kc5 Qhd5# 0-1

[Event "Junior Online 4NCL Division 5"]
[Site "online"]
[Date "2021.02.18"]
[EventDate "2021.02.18"]
[Round "3.178"]
[White "Patel, Aashna"]
[WhiteElo "1460"]
[WhiteTeam "Chess Challengers C"]
[Black "Trim, Xanthe"]
[BlackElo "775"]
[BlackTeam "Edgware Gambits K"]
[Result "0-1"]
[PlyCount "78"]

1. e4 e5 2. Nf3 Nc6 3. Bc4 Bc5 4. d3 Nf6 5. Ng5 O-O 6. Qf3 Nd4 7. Qh3 Nxc2+ 8. Kf1 Nxa1 9. Nxf7 Rxf7 10. Bxf7+ Kxf7 11. Qf3 Nc2 12. Bg5 Nd4 13. Qh3 h6 14. Bxf6 Qxf6 15. Qh5+ g6 16. Qxh6 Ne6 17. Qd2 Bxf2 18. Ke2 Nd4+ 19. Kd1 Bh4 20. Nc3 d6 21. Nd5 Qe6 22. Nxc7 Qg4+ 23. Kc1 Rb8 24. Kb1 Bd7 25. Nd5 Rc8 26. Rc1 Rh8 27. Rf1+ Kg7 28. Ne3 Qg5 29. g3 Rf8 30. Rxf8 Kxf8 31. gxh4 Qg1+ 32. Nd1 Ba4 33. b3 Nxb3 34. axb3 Bxb3 35. Kc1 Qc5+ 36. Nc3 Qa3+ 37. Qb2 Qb4 38. Qb1 Qxc3+ 39. Qc2 Qxc2# 0-1

[Event "Junior Online 4NCL Division 5"]
[Site "online"]
[Date "2021.02.18"]
[EventDate "2021.02.18"]
[Round "3.181"]
[White "Querfurth Waterman, Tal"]
[WhiteElo "858"]
[WhiteTeam "Eden Primary Bishops"]
[Black "Taylor, Kai"]
[BlackElo "1300"]
[BlackTeam "Hull & York Knights"]
[Result "0-1"]
[PlyCount "50"]

1. e4 e5 2. Bc4 Nc6 3. Nf3 Bc5 4. d3 d6 5. Ng5 Be6 6. Nxe6 fxe6 7. Bxe6 Nf6 8. Qf3 Nd4 9. Qd1 Nxe6 10. Bg5 O-O 11. Qf3 Nxg5 12. Qf5 Nfxe4 13. Qg4 Nxf2 14. Qc4+ Kh8 15. O-O Nf3+ 16. gxf3 Qg5+ 17. Qg4 Nxg4+ 18. Kh1 Nf2+ 19. Rxf2 Bxf2 20. Nd2 Qxd2 21. b3 Rxf3 22. Kg2 Bd4+ 23. Kxf3 Bxa1 24. h4 Qf4+ 25. Kg2 Bd4 0-1

[Event "Junior Online 4NCL Division 5"]
[Site "online"]
[Date "2021.02.18"]
[EventDate "2021.02.18"]
[Round "3.182"]
[White "Leatham, Bertie"]
[WhiteElo "1206"]
[WhiteTeam "Hull & York Knights"]
[Black "Marks, Rory"]
[BlackElo "914"]
[BlackTeam "Eden Primary Bishops"]
[Result "1-0"]
[PlyCount "21"]

1. e4 e5 2. Nf3 Nf6 3. Nxe5 Qe7 4. Nf3 Nxe4 5. Be2 b6 6. O-O Nc6 7. Re1 Nf6 8. Bc4 Qxe1+ 9. Qxe1+ Kd8 10. Ng5 Rg8 11. Nxf7# 1-0

[Event "Junior Online 4NCL Division 5"]
[Site "online"]
[Date "2021.02.18"]
[EventDate "2021.02.18"]
[Round "3.183"]
[White "Zabary, Yoav"]
[WhiteElo "929"]
[WhiteTeam "Eden Primary Bishops"]
[Black "Alwis, Benji"]
[BlackElo "1090"]
[BlackTeam "Hull & York Knights"]
[Result "0-1"]
[PlyCount "70"]

1. e4 e5 2. Nf3 Nf6 3. Nc3 Bc5 4. Bc4 Nc6 5. d3 O-O 6. O-O d6 7. Nd5 Bg4 8. Nxf6+ Qxf6 9. Bg5 Qg6 10. a3 Nd4 11. Nxe5 Qxg5 12. Nxg4 b5 13. b4 bxc4 14. bxc5 f5 15. Ne3 dxc5 16. dxc4 fxe4 17. Nd5 Rad8 18. Nxc7 Nf3+ 19. Qxf3 exf3 20. g3 h5 21. h4 Qe5 22. Nd5 g5 23. hxg5 Qxg5 24. Rae1 h4 25. Ne7+ Kh8 26. Ng6+ Qxg6 27. a4 hxg3 28. a5 Qh5 29. fxg3 Qh3 30. Kf2 Rd2+ 31. Ke3 Rxc2 32. Rxf3 Rc3+ 33. Kd2 Rcxf3 34. Re4 Qg2+ 35. Ke1 Rf1# 0-1

[Event "Junior Online 4NCL Division 5"]
[Site "online"]
[Date "2021.02.18"]
[EventDate "2021.02.18"]
[Round "3.184"]
[White "Cashdan, Japhet"]
[WhiteElo "1062"]
[WhiteTeam "Hull & York Knights"]
[Black "Block, Leo"]
[BlackElo "837"]
[BlackTeam "Eden Primary Bishops"]
[Result "1-0"]
[PlyCount "47"]

1. e4 e5 2. Nf3 Nc6 3. Bc4 d6 4. Nc3 Be7 5. d3 Bg4 6. O-O Qd7 7. Qd2 Be6 8. Bxe6 Qxe6 9. Nd5 Bf6 10. Nxc7+ Ke7 11. Nxe6 Kxe6 12. Qc3 Bh4 13. Nxh4 Nf6 14. Qb3+ Ke7 15. Qxb7+ Nd7 16. Qxc6 Rac8 17. Qa4 Nc5 18. Qxa7+ Nd7 19. Nf5+ Kd8 20. Nxd6 Rxc2 21. Qa8+ Rc8 22. Nxc8 Ke8 23. Nd6+ Ke7 24. Qxh8 1-0

[Event "Junior Online 4NCL Division 5"]
[Site "online"]
[Date "2021.02.18"]
[EventDate "2021.02.18"]
[Round "3.185"]
[White "Taylor, Kai"]
[WhiteElo "1300"]
[WhiteTeam "Hull & York Knights"]
[Black "Querfurth Waterman, Tal"]
[BlackElo "858"]
[BlackTeam "Eden Primary Bishops"]
[Result "1-0"]
[PlyCount "33"]

1. e4 e5 2. Nf3 Nc6 3. Bb5 Qf6 4. Bc4 Nge7 5. d3 d5 6. Bxd5 Nxd5 7. exd5 Nb4 8. Nc3 b6 9. O-O Bb7 10. Bg5 Qd6 11. Re1 Nxd5 12. Rxe5+ Be7 13. Nxd5 Bxd5 14. Rxe7+ Kf8 15. c4 Bxf3 16. Qxf3 Rd8 17. Qxf7# 1-0

[Event "Junior Online 4NCL Division 5"]
[Site "online"]
[Date "2021.02.18"]
[EventDate "2021.02.18"]
[Round "3.186"]
[White "Marks, Rory"]
[WhiteElo "914"]
[WhiteTeam "Eden Primary Bishops"]
[Black "Leatham, Bertie"]
[BlackElo "1206"]
[BlackTeam "Hull & York Knights"]
[Result "0-1"]
[PlyCount "40"]

1. e4 e5 2. Nf3 Nc6 3. d4 exd4 4. Bc4 Nf6 5. c3 dxc3 6. Nxc3 Bc5 7. e5 Qe7 8. Bf4 d6 9. O-O dxe5 10. g3 exf4 11. Re1 Be6 12. Bxe6 fxe6 13. gxf4 O-O 14. f5 Ng4 15. Kg2 Rxf5 16. Qb3 Raf8 17. Rxe6 Qf7 18. Nh4 Rxf2+ 19. Kg1 Rxb2+ 20. Kh1 Rxh2# 0-1

[Event "Junior Online 4NCL Division 5"]
[Site "online"]
[Date "2021.02.18"]
[EventDate "2021.02.18"]
[Round "3.187"]
[White "Alwis, Benji"]
[WhiteElo "1090"]
[WhiteTeam "Hull & York Knights"]
[Black "Zabary, Yoav"]
[BlackElo "929"]
[BlackTeam "Eden Primary Bishops"]
[Result "0-1"]
[PlyCount "72"]

1. e4 e5 2. d4 Nc6 3. c3 Nf6 4. Bd3 d5 5. Bg5 Bg4 6. f3 dxe4 7. Bxe4 Nxe4 8. Bxd8 Nxd8 9. fxg4 Be7 10. Nf3 O-O 11. Nxe5 Bd6 12. Nd7 Re8 13. O-O Bxh2+ 14. Kxh2 Ng5 15. Re1 Rxe1 16. Qxe1 Nde6 17. g3 Nf3+ 18. Kg2 Nxe1+ 19. Kf2 Nc2 20. Nd2 Nxa1 21. Ne4 Rd8 22. Ne5 Nc2 23. Ke2 Ncxd4+ 24. cxd4 Nxd4+ 25. Kf2 Ne6 26. Nc4 Rd4 27. b3 Rxe4 28. Kf3 Ng5+ 29. Kf2 b5 30. Ne3 Nh3+ 31. Kf3 Ng5+ 32. Ke2 c5 33. Kd3 c4+ 34. bxc4 bxc4+ 35. Nxc4 Rxg4 36. Ke2 Rxc4 0-1

[Event "Junior Online 4NCL Division 5"]
[Site "online"]
[Date "2021.02.18"]
[EventDate "2021.02.18"]
[Round "3.188"]
[White "Block, Leo"]
[WhiteElo "837"]
[WhiteTeam "Eden Primary Bishops"]
[Black "Cashdan, Japhet"]
[BlackElo "1062"]
[BlackTeam "Hull & York Knights"]
[Result "0-1"]
[PlyCount "48"]

1. e4 e5 2. d4 exd4 3. Qxd4 Nc6 4. Qd2 Nf6 5. Nc3 Bb4 6. Bc4 O-O 7. Nge2 d6 8. O-O Bg4 9. f3 Bh5 10. Qg5 h6 11. Qh4 Bc5+ 12. Kh1 Re8 13. Nf4 Re5 14. Nxh5 Rxh5 15. Qf4 Nd4 16. Be3 Nxc2 17. Rac1 Nxe3 18. Bb5 Nxf1 19. Bxf1 g5 20. Qf5 g4 21. fxg4 Rxf5 22. gxf5 Ng4 23. Be2 Nf2+ 24. Kg1 Nxe4+ 0-1

[Event "Junior Online 4NCL Division 5"]
[Site "online"]
[Date "2021.02.18"]
[EventDate "2021.02.18"]
[Round "3.192"]
[White "Kota, Ashwath Kumar"]
[WhiteElo "973"]
[WhiteTeam "Maidenhead Juniors 6"]
[Black "Jha, Aarush"]
[BlackElo "1472"]
[BlackTeam "Chess Challengers D"]
[Result "0-1"]
[PlyCount "104"]

1. e4 e5 2. Nf3 Nf6 3. Nxe5 Nc6 4. Nxc6 dxc6 5. e5 Ne4 6. d3 Bc5 7. d4 Bxd4 8. Be3 c5 9. Bxd4 Qxd4 10. Qxd4 cxd4 11. Bd3 Nc5 12. O-O O-O 13. Nd2 Nxd3 14. cxd3 f6 15. exf6 Rxf6 16. Ne4 Rf8 17. Rac1 c6 18. Rc4 Rd8 19. Nd2 Bf5 20. Ne4 Bxe4 21. dxe4 d3 22. Rd1 d2 23. Rc2 a5 24. Rcxd2 Rxd2 25. Rxd2 b5 26. Rd6 Re8 27. f3 c5 28. Rd5 c4 29. Rxb5 Rd8 30. Rxa5 Rd2 31. b3 c3 32. Rc5 c2 33. Kf1 Rd1+ 34. Ke2 c1=Q 35. Rxc1 Rxc1 36. a3 Rc3 37. a4 Rxb3 38. a5 Ra3 39. a6 Rxa6 40. Kf2 Kf7 41. Kg3 Kf6 42. Kf4 g5+ 43. Kg4 Kg6 44. g3 h5+ 45. Kh3 Ra3 46. Kg2 g4 47. f4 Ra4 48. e5 Kf5 49. Kf2 Ke4 50. Kg1 Kf3 51. h4 Kxg3 52. e6 Ra1# 0-1

[Event "Junior Online 4NCL Division 5"]
[Site "online"]
[Date "2021.02.18"]
[EventDate "2021.02.18"]
[Round "3.193"]
[White "Papneja, Vedant"]
[WhiteElo "1410"]
[WhiteTeam "Chess Challengers D"]
[Black "Anchan, Arjun"]
[BlackElo "940"]
[BlackTeam "Maidenhead Juniors 6"]
[Result "1-0"]
[PlyCount "169"]

1. d4 b6 2. Bf4 Bb7 3. e3 e6 4. Nf3 d6 5. c4 Be7 6. Be2 Nf6 7. h3 O-O 8. O-O Nc6 9. Bh2 a5 10. Nc3 Qc8 11. d5 exd5 12. cxd5 Na7 13. e4 Qd8 14. e5 dxe5 15. Bc4 e4 16. Ng5 h6 17. Ngxe4 Nxe4 18. Nxe4 f5 19. Nc3 Bf6 20. Rc1 Bxc3 21. Rxc3 b5 22. d6+ bxc4 23. dxc7 Qxd1 24. Rxd1 Ba6 25. Rd5 Rfe8 26. g3 Bb7 27. Rd1 Ba6 28. Kg2 Bb7+ 29. Kg1 Ba6 30. g4 fxg4 31. hxg4 Rac8 32. Kg2 Bb7+ 33. f3 Ba6 34. Kh3 Nc6 35. Rd7 Bb5 36. Rd5 Ba6 37. Rc5 Nb4 38. a3 Na2 39. Rc2 Re3 40. Rf5 Bb7 41. Rd2 Ree8 42. Rxa5 Re7 43. Rd8+ Re8 44. Rxe8+ Rxe8 45. Rc5 Re3 46. c8=Q+ Bxc8 47. Rxc8+ Kf7 48. Kg3 c3 49. bxc3 Rxc3 50. Rxc3 Nxc3 51. Bg1 Na4 52. Kf4 g5+ 53. Kf5 Nb2 54. Bc5 Nc4 55. a4 Na5 56. Bb6 Nb3 57. a5 Nxa5 58. Bxa5 Kg7 59. Bc3+ Kf7 60. Be5 Kg8 61. Kg6 Kf8 62. Kxh6 Ke7 63. Kxg5 Ke6 64. Bc7 Kd7 65. Kg6 Kxc7 66. Kg7 Kd8 67. f4 Ke7 68. f5 Ke8 69. f6 Kd7 70. f7 Kd6 71. f8=Q+ Ke5 72. Qf6+ Kd5 73. Qe7 Kd4 74. Qe6 Kc3 75. Qd5 Kb4 76. Qc6 Kb3 77. Qc5 Ka4 78. Qb6 Ka3 79. Qb5 Ka2 80. Qb4 Ka1 81. Kf6 Ka2 82. Ke5 Ka1 83. Kd4 Ka2 84. Kc3 Ka1 85. Qb2# 1-0

[Event "Junior Online 4NCL Division 5"]
[Site "online"]
[Date "2021.02.18"]
[EventDate "2021.02.18"]
[Round "3.194"]
[White "Dasgupta, Soumyajit"]
[WhiteElo "927"]
[WhiteTeam "Maidenhead Juniors 6"]
[Black "Pyla, Akhil"]
[BlackElo "1426"]
[BlackTeam "Chess Challengers D"]
[Result "0-1"]
[PlyCount "76"]

1. e4 Nc6 2. Nc3 Nf6 3. Nf3 d5 4. exd5 Nxd5 5. Nxd5 Qxd5 6. d4 Qe6+ 7. Be2 Nb8 8. O-O Bd7 9. Be3 g6 10. Qd3 Bg7 11. Rad1 O-O 12. Qc4 Nc6 13. Qxe6 fxe6 14. c4 Nb4 15. a3 Nc2 16. Bd2 Nxd4 17. Nxd4 Bxd4 18. Bh6 Bg7 19. Bxg7 Kxg7 20. Rxd7 Rf4 21. Rxe7+ Kf6 22. Rxc7 Re4 23. Bf3 Re5 24. Bxb7 Rb8 25. Bf3 a5 26. g4 Rxb2 27. Rxh7 Ra2 28. h4 Rxa3 29. Bc6 g5 30. hxg5+ Rxg5 31. f3 Rc3 32. Bb5 Rxb5 33. Rc7 Rb4 34. Ra1 Rxf3 35. Rxa5 Rg3+ 36. Kf2 Rbb3 37. Ra4 Rxg4 38. c5 Rxa4 0-1

[Event "Junior Online 4NCL Division 5"]
[Site "online"]
[Date "2021.02.18"]
[EventDate "2021.02.18"]
[Round "3.196"]
[White "Jha, Aarush"]
[WhiteElo "1472"]
[WhiteTeam "Chess Challengers D"]
[Black "Kota, Ashwath Kumar"]
[BlackElo "973"]
[BlackTeam "Maidenhead Juniors 6"]
[Result "0-1"]
[PlyCount "124"]

1. e4 e6 2. d4 d5 3. Nc3 dxe4 4. Nxe4 Nc6 5. Be3 Nf6 6. Bb5 Nxe4 7. Bxc6+ bxc6 8. Nf3 Bd6 9. O-O O-O 10. Qc1 c5 11. dxc5 Bxc5 12. Ng5 Bxe3 13. Qxe3 Nxg5 14. f4 Nh3+ 15. Qxh3 e5 16. Qf3 Qd4+ 17. Kh1 exf4 18. Qxa8 Qxb2 19. Rab1 Qxc2 20. Qxa7 Qc6 21. Rbc1 Qe4 22. Qxc7 Bh3 23. Qc2 Qd5 24. Rxf4 Rd8 25. Rff1 Re8 26. Rfe1 Rd8 27. Rcd1 Bxg2+ 28. Qxg2 Qxd1 29. Rxd1 Rxd1+ 30. Qg1 Rxg1+ 31. Kxg1 Kf8 32. Kf2 Ke7 33. Ke3 Kd6 34. Kd4 f6 35. a4 Kc6 36. Kc4 Kb6 37. Kb4 Ka6 38. Kc5 Ka5 39. Kd6 Kxa4 40. Ke7 f5 41. Ke6 f4 42. Ke5 f3 43. Ke4 f2 44. Ke5 f1=Q 45. Ke6 Qh3+ 46. Kf7 Qxh2 47. Kxg7 Qh5 48. Kf6 Qg4 49. Kf7 Qg5 50. Kf8 Qg6 51. Ke7 Qf5 52. Kd6 Qe4 53. Kc5 h5 54. Kd6 h4 55. Kc5 h3 56. Kd6 h2 57. Kc5 Qd3 58. Kc6 h1=Q+ 59. Kc5 Qc1+ 60. Kb6 Qb5+ 61. Ka7 Qc7+ 62. Ka8 Qbb7# 0-1

[Event "Junior Online 4NCL Division 5"]
[Site "online"]
[Date "2021.02.18"]
[EventDate "2021.02.18"]
[Round "3.197"]
[White "Anchan, Arjun"]
[WhiteElo "940"]
[WhiteTeam "Maidenhead Juniors 6"]
[Black "Papneja, Vedant"]
[BlackElo "1410"]
[BlackTeam "Chess Challengers D"]
[Result "0-1"]
[PlyCount "80"]

1. e4 d5 2. f3 Nf6 3. e5 Ng8 4. d4 e6 5. c3 c5 6. f4 Ne7 7. g3 Ng6 8. Nf3 Nc6 9. Be2 Qb6 10. dxc5 Bxc5 11. b4 Be7 12. Qd3 a6 13. Be3 Qc7 14. O-O O-O 15. a3 b5 16. Qd2 Bb7 17. Qc1 f6 18. exf6 Bxf6 19. Re1 Rae8 20. Qd1 Nge7 21. Bc5 Rf7 22. Bd4 Nxd4 23. Nxd4 Nc6 24. Nxc6 Qxc6 25. Qc1 d4 26. Bf3 Qxf3 27. Re2 Qxe2 28. Qf1 Qxf1+ 29. Kxf1 dxc3 30. Ra2 Bd5 31. Rf2 Rc8 32. Ke1 c2 33. Rxc2 Rxc2 34. Kd1 Rxh2 35. Nc3 Bxc3 36. Kc1 Bf6 37. Kd1 Rc7 38. g4 Rcc2 39. g5 Ra2 40. Kc1 Rh1# 0-1

[Event "Junior Online 4NCL Division 5"]
[Site "online"]
[Date "2021.02.18"]
[EventDate "2021.02.18"]
[Round "3.198"]
[White "Pyla, Akhil"]
[WhiteElo "1426"]
[WhiteTeam "Chess Challengers D"]
[Black "Dasgupta, Soumyajit"]
[BlackElo "927"]
[BlackTeam "Maidenhead Juniors 6"]
[Result "1-0"]
[PlyCount "57"]

1. e4 c5 2. Nf3 Nc6 3. Bc4 e6 4. Nc3 Nf6 5. d3 Be7 6. e5 Ng4 7. h3 Ngxe5 8. Nxe5 Nxe5 9. Bb3 d5 10. Ba4+ Bd7 11. Bxd7+ Nxd7 12. Bd2 Bf6 13. Qf3 Bxc3 14. Bxc3 Nf6 15. O-O-O d4 16. Bd2 Qb6 17. b3 O-O 18. Rhg1 a5 19. Qg3 a4 20. Bh6 Nh5 21. Qg4 g6 22. Bxf8 Kxf8 23. Kd2 Qb4+ 24. Ke2 axb3 25. axb3 b5 26. Ra1 Rxa1 27. Rxa1 f5 28. Qg5 Ng7 29. Qf6+ 1-0

[Event "Junior Online 4NCL Division 5"]
[Site "online"]
[Date "2021.02.18"]
[EventDate "2021.02.18"]
[Round "3.201"]
[White "Mohanraj, Vibu Karthik"]
[WhiteElo "1420"]
[WhiteTeam "Chess Challengers E"]
[Black "Ambrose, Daniel"]
[BlackElo "804"]
[BlackTeam "Surrey Kings 5"]
[Result "1-0"]
[PlyCount "57"]

1. e4 e6 2. Nf3 d5 3. exd5 exd5 4. Qe2+ Qe7 5. Qxe7+ Bxe7 6. Bb5+ Bd7 7. Bxd7+ Nxd7 8. O-O Ndf6 9. Re1 Ng4 10. h3 N4h6 11. d4 Nf6 12. Nc3 c5 13. dxc5 Nf5 14. b4 b6 15. cxb6 axb6 16. b5 Rc8 17. Na4 Ne4 18. Nxb6 Rxc2 19. Nxd5 Rxf2 20. Rxe4 Ng3 21. Rxe7+ Kf8 22. Kxf2 Nh1+ 23. Kf1 Ng3+ 24. Kf2 Nh1+ 25. Ke1 Ng3 26. b6 Nf5 27. b7 Nxe7 28. b8=Q+ Nc8 29. Qxc8# 1-0

[Event "Junior Online 4NCL Division 5"]
[Site "online"]
[Date "2021.02.18"]
[EventDate "2021.02.18"]
[Round "3.202"]
[White "Saraty, Thomas"]
[WhiteElo "865"]
[WhiteTeam "Surrey Kings 5"]
[Black "Tolani, Kabir"]
[BlackElo "1455"]
[BlackTeam "Chess Challengers E"]
[Result "0-1"]
[PlyCount "32"]

1. e4 e5 2. Nc3 Nf6 3. Nf3 Nc6 4. Bc4 Bb4 5. O-O O-O 6. Nb5 d6 7. g4 Bxg4 8. Ng5 Bxd1 9. Ne6 fxe6 10. Bxe6+ Kh8 11. Bf7 Rxf7 12. Nxc7 Qxc7 13. Kh1 Nxe4 14. f3 Ng5 15. h3 Nxf3 16. Rxf3 Rxf3 0-1

[Event "Junior Online 4NCL Division 5"]
[Site "online"]
[Date "2021.02.18"]
[EventDate "2021.02.18"]
[Round "3.204"]
[White "Liu, Kieron"]
[WhiteElo "134"]
[WhiteTeam "Surrey Kings 5"]
[Black "Pang, Isobel"]
[BlackElo "1420"]
[BlackTeam "Chess Challengers E"]
[Result "0-1"]
[PlyCount "76"]

1. d4 b6 2. e4 Bb7 3. Nf3 Bxe4 4. Nc3 Bb7 5. Bc4 e6 6. g3 d5 7. Bf1 Nf6 8. Bg2 Bd6 9. Nb5 Be7 10. Bf4 Bd6 11. Qd3 O-O 12. Bg5 Nbd7 13. g4 a6 14. Nxd6 cxd6 15. Ne5 dxe5 16. dxe5 Nxe5 17. Qh3 h6 18. Bf1 hxg5 19. O-O-O b5 20. Bd3 Nxd3+ 21. Rxd3 a5 22. f4 d4 23. fxg5 Bxh1 24. Qh4 Nh7 25. Rh3 Be4 26. Qxh7+ Bxh7 27. Rxh7 Kxh7 28. b3 d3 29. c3 d2+ 30. Kd1 Qxg5 31. c4 bxc4 32. bxc4 Rac8 33. h4 Qxg4+ 34. Kxd2 Rxc4 35. Kd3 Rf4 36. Ke3 Qg3+ 37. Kd2 Rf2+ 38. Kd1 Qg1# 0-1

[Event "Junior Online 4NCL Division 5"]
[Site "online"]
[Date "2021.02.18"]
[EventDate "2021.02.18"]
[Round "3.205"]
[White "Ambrose, Daniel"]
[WhiteElo "804"]
[WhiteTeam "Surrey Kings 5"]
[Black "Mohanraj, Vibu Karthik"]
[BlackElo "1420"]
[BlackTeam "Chess Challengers E"]
[Result "0-1"]
[PlyCount "30"]

1. e3 e5 2. f4 e4 3. d3 exd3 4. cxd3 Nf6 5. e4 d6 6. d4 Nxe4 7. Nd2 Nxd2 8. Qxd2 Be7 9. d5 O-O 10. Qc3 h6 11. b3 Bf6 12. Qg3 Bxa1 13. Nf3 Re8+ 14. Be2 Qe7 15. Nh4 Qxe2# 0-1

[Event "Junior Online 4NCL Division 5"]
[Site "online"]
[Date "2021.02.18"]
[EventDate "2021.02.18"]
[Round "3.207"]
[White "Gardner, Oliver"]
[WhiteElo "731"]
[WhiteTeam "Surrey Kings 5"]
[Black "Madan, Shivank"]
[BlackElo "1450"]
[BlackTeam "Chess Challengers E"]
[Result "0-1"]
[PlyCount "26"]

1. e4 e5 2. Nf3 Nc6 3. Bc4 h6 4. d3 Nf6 5. Nc3 Bc5 6. Bg5 hxg5 7. Nxg5 d5 8. Bxd5 Nxd5 9. Nxd5 Qxg5 10. Nxc7+ Ke7 11. Nxa8 Qxg2 12. d4 Bxd4 13. c3 Qxf2# 0-1

[Event "Junior Online 4NCL Division 5"]
[Site "online"]
[Date "2021.02.18"]
[EventDate "2021.02.18"]
[Round "3.208"]
[White "Pang, Isobel"]
[WhiteElo "1420"]
[WhiteTeam "Chess Challengers E"]
[Black "Liu, Kieron"]
[BlackElo "134"]
[BlackTeam "Surrey Kings 5"]
[Result "1-0"]
[PlyCount "55"]

1. e4 c5 2. c3 Nc6 3. d4 cxd4 4. cxd4 Nf6 5. Nc3 d5 6. e5 Nd7 7. Nf3 e6 8. Bd3 Bb4 9. O-O Bxc3 10. bxc3 Qa5 11. Bd2 Nb6 12. Ng5 f6 13. exf6 gxf6 14. Qh5+ Kd8 15. Nf7+ Kd7 16. Nxh8 Kd8 17. Bxh7 Qa3 18. Qf7 Bd7 19. Qxf6+ Ne7 20. Qf8+ Be8 21. Nf7+ Kd7 22. Ne5+ Kd8 23. Ng6 Qb2 24. Qxe7+ Kc8 25. Qxe8+ Kc7 26. Bf4+ e5 27. Qxe5+ Kc8 28. Qc7# 1-0